Vývoj reálnych príjmov v ekonomike SR

Bibliographic Details
Main Author: Strachotová, Anna (Author)
Format: Article
Language:Slovak

MARC

LEADER 00000nab a2200000 a 4500
001 vtls011128686
003 SK-MaSNL
005 20260303114008.0
008 230121|2013 xo |||||||||||||||||slo|
015 |a SNBRB 
035 |a (uuid)2257ebc8-1d2f-48c8-a95f-84f5cfb9b960 
035 |a (urnnbn)urn:nbn:sk:snk:ar-a09hxx 
035 |a urn:nbn:sk:snk-aba69h 
040 |a SNKBUCL  |b slo  |c SNKBUCL  |e AACR2 
041 0 |a slo 
044 |a xo  |c SK 
100 1 |a Strachotová, Anna  |4 aut  |9 1127134 
245 1 0 |a Vývoj reálnych príjmov v ekonomike SR  |c Anna Strachotová 
773 0 |t Finančný manažér : štvrťročník Slovenskej asociácie podnikových finančníkov  |g Roč. 13, č. 2 (2013), s. 12-15 
958 |a OND 
958 |a EUIPO 
958 |a article13 
999 |c 1896493  |d 1898423